Lignes des chemins de fer du Jura - Statistiques

Statistiques générales
  • Ce quiz a été pris 3 fois
  • Le résultat moyen est 20 sur 29
Statistiques - réponses
BVB % Correct
Combe-Tabeillon
100%
Glovelier
100%
La Chaux-de-Fonds
100%
La Combe
100%
Le Noirmont
100%
Le Noirmont
100%
Les bois
100%
Les Reussilles
100%
Tramelan
100%
La Chaux-d'Abel
67%
La Chaux-de-Fonds Est
67%
La Ferrière
67%
La Large-Journée
67%
Le Bémont
67%
Le Boéchet
67%
Le Creux-des-Biches
67%
Les Breuleux
67%
Les Emibois
67%
Muriaux
67%
Pré-Petitjean
67%
Saignelégier
67%
Tavannes
67%
Tramelan-Dessous
67%
Bollement
33%
La Chaux-des-Breuleux
33%
La Cibourg
33%
Le Pied-d'Or
33%
Les Breuleux-Église
33%
Tramelan-Chalet
33%
Aucun quiz correspondant
Distribution des résultats
% des personnes avec chaque résultat
Percentile par nombre de réponses
Votre historique - résultats
Vous n’avez pas pris ce quiz